000 00599nam a2200205Ii 4500
003 JO-AjNU
008 230606s9999||||xx |||||||||||||| ||und||
020 _a978-1-107-69404-0
040 _aJO-AjNU
_beng
_erda
_cJO-AjNU
041 _aeng
050 1 4 _aQA300.L517.2014
100 3 _aLewin,Jonathan,
_eauthor
_94541
245 0 3 _aAn Intereractive introducation to Mathematical Analysis
264 3 1 _aCambridge,2014
300 _a488p
336 _atext
_btxt
_2rdacontent
337 _aunmediated
_bn
_2rdamedia
338 _avolume
_bnc
_2rdacarrier
650 4 _a Mathematical analysis 
_94542
999 _aE2356
_c2354
_d2354